Normal view MARC view
  • MONDAL ,SAGAR

Entry Personal Name

Number of records used in: 1

001 - CONTROL NUMBER

  • control field: 7349

003 - CONTROL NUMBER IDENTIFIER

  • control field: OSt

005 - DATE AND TIME OF LATEST TRANSACTION

  • control field: 20221216104213.0

008 - FIXED-LENGTH DATA ELEMENTS

  • fixed length control field: 221216|| aca||aabn | a|a d

040 ## - CATALOGING SOURCE

  • Original cataloging agency: OSt
  • Transcribing agency: OSt

100 ## - HEADING--PERSONAL NAME

  • Personal name: MONDAL ,SAGAR

670 ## - SOURCE DATA FOUND

  • Source citation: Work cat.: (OSt)8051: MONDAL ,SAGAR, ENTERPRENEURESHIP DEVELOPMENT AND BUSINESS COMMUNIATION , 2022